| 000 | 00505nam a2200157Ia 4500 | ||
|---|---|---|---|
| 008 | 230907s9999||||xx |||||||||||||| ||und|| | ||
| 082 |
_a570 _bHAI |
||
| 100 |
_aHaider Ejaz (NUST201463505MCES64114F) _9116336 |
||
| 245 | 0 | _aAlgal hydrogen production using electrochemical and fermentative electron prevision / | |
| 260 |
_aUSPCAS-E, NUST, _bIslamabad : _c2017 |
||
| 300 | _aii, 72 p. : | ||
| 520 | _aTH-57 | ||
| 650 | _aMS-ESE Thesis MS Thesis | ||
| 700 |
_aDr Rabia Liaquat _928881 |
||
| 942 |
_cTHE _2ddc |
||
| 999 |
_c601736 _d601736 |
||